LEADER 04383oam 2201057 c 450 001 9910372822203321 005 20260302090207.0 010 $a9783839408360 010 $a3839408369 024 7 $a10.14361/9783839408360 035 $a(CKB)3710000000482761 035 $a(OAPEN)1007390 035 $a(DE-B1597)461266 035 $a(OCoLC)1013946401 035 $a(OCoLC)958047044 035 $a(DE-B1597)9783839408360 035 $a(MiAaPQ)EBC5494293 035 $a(Au-PeEL)EBL5494293 035 $a(OCoLC)1049912015 035 $a(transcript Verlag)9783839408360 035 $a(MiAaPQ)EBC6955758 035 $a(Au-PeEL)EBL6955758 035 $a(oapen)https://directory.doabooks.org/handle/20.500.12854/38842 035 $a(ScCtBLL)2330c7e0-63dd-46c4-815a-9ef8f505235c 035 $a(oapen)doab38842 035 $a(EXLCZ)993710000000482761 100 $a20260302h20152007 uy 0 101 0 $ager 135 $auuuuu---auuuu 181 $ctxt$2rdacontent 182 $cc$2rdamedia 183 $acr$2rdacarrier 200 14$aDas Weib als Versuchsperson$eMedizinische Menschenexperimente im 19. Jahrhundert am Beispiel der Syphilisforschung$fKatja Sabisch 205 $a1st ed. 210 $aBielefeld$ctranscript Verlag$d2015 210 $d2015, c2007 215 $a1 online resource (248) 225 0 $aScience Studies 311 08$a9783899428360 311 08$a3899428366 327 $aFrontmatter 1 Inhalt 5 Danksagung 7 1. EINLEITUNG. DERMENSCH, DIE DINGHEIT UND DAS EXPERIMENT 9 2. ZUR LOGIK UND LOGISTIK DES EXPERIMENTIERENS 25 3. DAS O?FFENTLICHE EXPERIMENT 75 4. ZUR ENTSTEHUNG UND ENTWICKLUNG TECHNISCHER DINGE 115 5. IRRE INFIZIERTE: DIE VENEROLOGISCHE TATSACHE UND DIE PSYCHIATRIE 161 6. DIE EPISTEMISIERUNG DER TECHNISCHEN DINGE 213 7. DAS WEIB, DIE DINGHEIT IM EXPERIMENT 225 8. QUELLEN UND LITERATUR 229 Backmatter 246 330 $aMit dem practical turn in der Wissenschaftsforschung avancierte das Experiment zu einem vielbeachteten Gegenstand historischer und wissenssoziologischer Untersuchungen. Eines wurde bislang jedoch weitestgehend ausgeblendet: der medizinische Menschenversuch. Dieses Buch widmet sich der Experimentalisierung des Menschen, indem es anhand der Syphilisforschung nachzeichnet, wie der Frauenkörper zu dem »Ding« (Hans Jonas) des Experiments wurde: Welche politischen Leitideen, welche gesellschaftlichen Projekte, welche literarischen Phantasien manifestierten sich in den Menschenlaboratorien des 19. Jahrhunderts? 330 1 $aBesprochen in:NTM, 2/5 (2009), Christian Bonah 330 1 $a»Die Studie ist der lohnende Versuch, aus wissenschaftssoziologischer Perspektive eine Kulturgeschichte des Menschenversuchs im 19. Jahrhundert am Fallbeispiel der Syphilisforschung aufzuarbeiten.« 410 0$aScience Studies 517 2 $aSabisch, Das Weib$eMedizinische Menschenexperimente im 19. Jahrhundert am Beispiel der Syphilisforschung 606 $aCulture 606 $aKultur 606 $aScience 606 $aWissenschaft 606 $aMedicine 606 $aMedizin 606 $aGender 606 $aExperiment 606 $aHistory of Medicine 606 $aHistory of Science 606 $aGeschlecht 606 $aGender History 606 $aMedizingeschichte 606 $aGender Studies 606 $aWissenschaftsgeschichte 606 $aGeschlechtergeschichte 606 $aHistory 606 $aGeschichtswissenschaft 615 4$aCulture 615 4$aKultur 615 4$aScience 615 4$aWissenschaft 615 4$aMedicine 615 4$aMedizin 615 4$aGender 615 4$aExperiment 615 4$aHistory of Medicine 615 4$aHistory of Science 615 4$aGeschlecht 615 4$aGender History 615 4$aMedizingeschichte 615 4$aGender Studies 615 4$aWissenschaftsgeschichte 615 4$aGeschlechtergeschichte 615 4$aHistory 615 4$aGeschichtswissenschaft 676 $a616.02709034 686 $aXB 3300$2rvk 700 $aSabisch$b Katja$p
Katja Sabisch, Ruhr-Universität Bochum, Bochum, Deutschland
$4aut$01888342 801 0$bDE-B1597 801 1$bDE-B1597 906 $aBOOK 912 $a9910372822203321 996 $aDas Weib als Versuchsperson$94527026 997 $aUNINA